25000 siglos de historia de la Tierra (Record no. 176857)

MARC details
000 -LEADER
campo de control de longitud fija 00975nam a22002655i 4500
001 - NÚMERO DE CONTROL
campo de control 176857
003 - IDENTIFICADOR DE NÚMERO DE CONTROL
campo de control ES-MaACL
005 - FECHA Y HORA DE LA ÚLTIMA TRANSACCIÓN
campo de control 20250825062632.0
008 - DATOS DE LONGITUD FIJA--INFORMACIÓN GENERAL
campo de control de longitud fija 110215s1957 sp abd |||| | spa d
080 ## - NÚMERO DE LA CLASIFICACIÓN DECIMAL UNIVERSAL
Número de la Clasificación Decimal Universal 930.85:087.5
080 ## - NÚMERO DE LA CLASIFICACIÓN DECIMAL UNIVERSAL
Número de la Clasificación Decimal Universal 550.3(091)
100 1# - ENTRADA PRINCIPAL--NOMBRE DE PERSONA
Nombre de persona Fisher, James.
9 (RLIN) 145197
245 10 - MENCIÓN DEL TÍTULO
Título 25000 siglos de historia de la Tierra
Resto del título : la fascinadora aventura del mundo en que vivimos /
Mención de responsabilidad, etc. por James Fisher ; traducción del inglés por Ernesto Mascaró.
260 ## - PUBLICACIÓN, DISTRIBUCIÓN, ETC.
Lugar de publicación, distribución, etc. Barcelona :
Nombre del editor, distribuidor, etc. Daimon,
Fecha de publicación, distribución, etc. 1957.
300 ## - DESCRIPCIÓN FÍSICA
Extensión 68 p. :
Otras características físicas il. col. ;
Dimensiones 33 cm.
490 1# - MENCIÓN DE SERIE
Mención de serie Enciclopedia juvenil del siglo XX ;
Designación de volumen o secuencia 2
650 #4 - PUNTO DE ACCESO ADICIONAL DE MATERIA--TÉRMINO DE MATERIA
Término de materia o nombre geográfico como elemento de entrada Civilización-
Subdivisión general Historia-
Subdivisión de forma Libros infantiles.
9 (RLIN) 140475
650 #4 - PUNTO DE ACCESO ADICIONAL DE MATERIA--TÉRMINO DE MATERIA
Término de materia o nombre geográfico como elemento de entrada Tierra (Planeta)-
Subdivisión de forma Historia.
9 (RLIN) 184124
655 #7 - TERMINO DE INDIZACIÓN--GENERO/FORMA
Datos o término principal de género/forma Libros infantiles
Fuente del término tgfbne
9 (RLIN) 226786
700 1# - ENTRADA AGREGADA--NOMBRE PERSONAL
Nombre de persona Mascaró, Ernesto.
9 (RLIN) 78682
830 1# - PUNTO DE ACCESO ADICIONAL DE SERIE-TÍTULO UNIFORME
Título uniforme Enciclopedia juvenil del siglo XX ;
Designación de volumen o secuencia 2
9 (RLIN) 190275
852 4# - LOCALIZACIÓN
Ubicación ES-MaACL
Número de control de estantería E-14311
Encuadernación Olim P-1064
942 ## - ELEMENTOS DE ENTRADA SECUNDARIOS (KOHA)
Fuente del sistema de clasificación o colocación Clasificación decimal universal
Holdings
Estatus retirado Estado de pérdida Estado de daño No para préstamo Biblioteca de origen Biblioteca actual Ubicación en estantería Fecha de adquisición Fuente de adquisición Total de préstamos Signatura topográfica completa Código de barras Visto por última vez Precio de reemplazo Tipo de ítem Koha
        Biblioteca del Ateneo de Madrid Biblioteca del Ateneo de Madrid Depósito 2 15/02/2011     E-14311 1185750 23/02/2023 23/02/2023 Libro impreso